LEADER 01585nam a2200277 a 4500 001 000000114646 003 CaOOAMICUS 005 20080225102928.0 008 080225s1548 gw c u000 u lat r 040 $aPUL$bita$dila 100 0 $aDionysius Carthusianus,$dc. 1402-1471.$0(OLS)http://pul/name/4295 245 10$aD. Dionysii Carthusiani Enarrationes piae ac eruditae in quinque mosaicae legis libros hoc est: Genesim, Exodum, Leviticum, Numeros, Deuteronomium ... 246 33$aEnarrationes piae ac eruditae in quinque mosaicae legis libros hoc est: Genesim, Exodum, Leviticum, Numeros, Deuteronomium ... 260 $aColoniae :$bex officina Ioannis Quentel,$c1548. 300 $a[28], 839, [1] p. ;$c2° (31 cm) 500 $aFront. xil. 500 $aSegnatura:*A6 *B4 *C4 a-z6 aa-zz6 aaa-zzz6 aaaa6 500 $aIniziali xil. 500 $ac. *Av Epigramma con illustrazione xil. 662 $aGermania$dColonia.$0(OLS)http://pul/subject/35038 710 2 $aQuentel, Johann$4pbl.$0(OLS)http://pul/name/70789 900 $aDionisio Cartusiano,$dc. 1402-1471$94295 900 $aDenis le Chartreux,$dc. 1402-1471$94295 996 $6245$aD. Dionysii Carthusiani Enarrationes piae ac eruditae in quinque mosaicae legis libros hoc est: Genesim, Exodum, Leviticum, Numeros, Deuteronomium ...$9(OLS)http://pul/title/6021 996 $6246$aEnarrationes piae ac eruditae in quinque mosaicae legis libros hoc est: Genesim, Exodum, Leviticum, Numeros, Deuteronomium ...$9(OLS)http://pul/title/6022 996 $6260$aColoniae :$bex officina Ioannis Quentel$9(OLS)http://pul/publisher/50273 LEADER 01216nam a2200265 a 4500 001 000000164274 003 CaOOAMICUS 005 20171116175811.0 008 171116s1994 it m 000 u spa d 032 $aLibriCat 040 $aPUL$bita 100 1 $aBermejo Higuera, José Carlos.$0(OLS)http://pul/name/105606 245 13$aLa relación pastoral de ayuda al enfermo de Sida / $cJosé Carlos Bermejo . 260 $aRoma :$b[s.n.],$c1994. 300 $a470 p. ;$c21 cm. 502 $aTesi -- Pontificia Facoltŕ Teologica Teresianum Camillianum. Istituto Internazionale di Teologia Pastorale Sanitaria. 1993. 504 $aBibliografia in nota a pič pagina. 650 04$aPastorale sanitaria.$0(OLS)http://pul/subject/44832 710 2 $aTeresianum.$bIstituto Internazionale di Pastorale Sanitaria$kTesi.$0(OLS)http://pul/name/105603 850 $aPUL 852 $aPUL$W1$xDP1 Tesi Pon. Fac. Teresianum$y48$mTH TER 136$j188398$qTesi$B191560$CPULBib$Z2$F191560 $H75796 $82 941 1 $a16 996 $6245$aLa relación pastoral de ayuda al enfermo de Sida / $9(OLS)http://pul/title/203959 996 $6260$aRoma :$b[s.n.]$9(OLS)http://pul/publisher/47958